000 00351nam a2200145Ia 4500
008 230917s9999||||xx |||||||||||||| ||und||
040 _e75419
_aMAIN
041 _aEnglish
082 _a658.8 C467M
100 _aChristopher, Martin
245 0 _aEffective marketing management
260 _aWestmead
_bGower
_c1980
300 _a192 p.
942 _cBK
999 _c37420
_d37420